Öffentliche Finanzen in den Staaten der Eurozone versus Internationale Finanzmärkte diplomová práca

Salvato in:
Dettagli Bibliografici
Autore principale: Martincová, Martina
Ente Autore: Ekonomická univerzita v Bratislave. Ústav medzinárodných programov
Altri autori: Sobek, Otto
Natura: Libro
Lingua:tedesco
Pubblicazione: Bratislava 2012
Tags: Aggiungi Tag
Nessun Tag, puoi essere il primo ad aggiungerne!!

MARC

LEADER 00000nam$a2200000$$$4500
001 0166251
005 20240318115029.1
041 0 |a ger 
044 |a SK 
245 1 0 |a Öffentliche Finanzen in den Staaten der Eurozone versus Internationale Finanzmärkte  |b diplomová práca  |c Martina Martincová ; školiteľ: Otto Sobek 
264 1 |a Bratislava  |c 2012 
300 |a 77 s. 
500 |a Celouniverzitný študijný program: Medzinárodný finančný manažment (Internationales Finanzmanagement) 
100 1 |a Martincová, Martina 
700 1 |a Sobek, Otto 
710 2 |a Ekonomická univerzita v Bratislave. Ústav medzinárodných programov